Czy rozpoznasz profesjonalną drużyne lola po składzie? - Statystyki

Ogólne statystyki
  • Ten quiz został rozwiązany 183 razy
  • Średni wynik to 11 z 20
Statystyki odpowiedzi
Skład Nazwa Drużyny % Poprawnych
Bwipo, Selfmade, Nisqy, Upset, Hylissang Fnatic
94%
Canna, Ellim, Faker, Teddy, Keria T1
81%
Khan, Canyon, ShowMaker, Ghost, Beryl DAMWON
77%
Armut, Elyoya, Humanoid, Carrzy, Kaiser MAD Lions
75%
Rascal, Clid, Bdd, Ruler, Life Gen.G
68%
Hirit, Razork, Vetheo, Kobbe, Vander Misfits
63%
Xiaohu, Wei, Cryin, GALA, Ming RNG
63%
BrokenBlade, Gillius, Abbedagge, Neon, LIMIT Schalke 04
61%
Huni, Spica, PowerOfEvil, Lost, SwordArt TSM
61%
Flandre, Jiejie, Scout, Viper, Meiko EDward
55%
Jenax, TynX, Blue, Jezu, Treatz SK Gaming
54%
Kingen, Pyosik, SOLKA, BAO, Becca DRX
49%
TheShy, XUN, Rookie, Wink, Baolan Invictus
49%
Finn, Broxah, Pobelter, WildTurtle, Smoothie CLG
43%
Alphari, Santorin, Jensen, Tactical, CoreJJ Liquid
42%
Bin, Sofm, Angel, huanfeng, ON Suning
42%
Ssumday, Closer, Damonte, FBI, huhi 100 Thieves
41%
Zoom, Kanavi, Yagao, LokeN, LvMao JD Gaming
37%
Revenge, Xerxe, Insanity, Raes, Destiny Immortals
34%
Doran, Blank, Dove, Noah, Zzus KT Rolster
25%
Nie znaleziono quizów pasujących do podanych kryteriów
Rozkład punktacji
Procent ludzi z każdym wynikiem
Percentyl według liczby udzielonych odpowiedzi
Twoja historia wyników
Nie rozwiązałeś tego quizu